| 000 | 004540000a22001810004500 | ||
|---|---|---|---|
| 001 | 002855 | ||
| 003 | MACL | ||
| 005 | 20150707155745.0 | ||
| 008 | 150707b xxu||||| |||| 00| 0 eng d | ||
| 040 |
_aMACL _cMACL |
||
| 041 | _aEnglish | ||
| 100 |
_aMishra, Narayan _91270 |
||
| 245 |
_aTribal Culture In India _cNarayan Mishra |
||
| 260 |
_aKalpaz Publications, _c2004 _bDelhi |
||
| 350 | _a720 | ||
| 650 |
_aSocial Science _91271 |
||
| 942 |
_k308 _cBK _2ddc |
||
| 999 |
_c14763 _d14763 |
||